00767 2200277 4500001002100000005001500021035002500036007000300061008004100064020002200105040001700127082001600144084001600160245006100176250001100237260003700248300004100285650003000326700001300356850001200369090002000381090002200401999002200423990002200445990002200467INLIS00000000002665820200513101201 a0010-041700000000054ta170403s2015 yoia g ind d a978-602-371-027-0 aYOPDYOGbind04222a808.301 a808.301 PEJ00aPejuang asa /cAbdul Rahman...[et al] ; editor, Marfidah aCet. 13 aYogyakarta :bLeutikaprio,c2015 ax, 139 halaman :bilustrasi ;c19 cm 4aCerita pendek--vkumpulan0 aMarfidah aYOPDYOG aDEP 808.301 PEJ aCB-D.11 2015-2176 aCB-D.11/2015-2176 aCB-D.11/2015-2176 aCB-D.11/2015-2176